000 00693nam a22001937a 4500
005 20240214122637.0
010 _aENG-139227
020 _c2450.00
_a9789332575721
035 _aEN-122759
037 _bDBAD/PUB
082 _a530
_23
100 _aKnight, Randall D
_962059
245 _aPhysics For Scientists and Engineers:
_bA Strategic Approach with Modern Physics/
_cBy Randall D Knight
250 _a3
260 _aUttar Pradesh
_bPearson India Education Pvt Ltd
_c2022
270 _bUttar Pradesh
_a15th FLoor, Tower-B, World Trade Tower, Plot No.1, Block- C, Sector-16, Noida
_e201301
300 _axxvii,1435p.
_c25cm(pb)
_bIndex
942 _2ddc
_cEN
_h530
_mKNI
_e3
999 _c200731
_d200731